书目信息 |
| 题名: |
古希腊神话故事
|
|
| 作者: | 刘世洁 编著 | |
| 分册: | ||
| 出版信息: | 北京 中国华侨出版社 2016 |
|
| 页数: | 370页 | |
| 开本: | 25cm | |
| 丛书名: | ||
| 单 册: | ||
| 中图分类: | I17(198.4) | |
| 科图分类: | ||
| 主题词: | 神话--作品集--古希腊 | |
| 电子资源: | ||
| ISBN: | 978-7-5113-6215-5 | |
| 000 | 00965nam0 2200265 450 | |
| 001 | 012001002171 | |
| 005 | 20140926114739.0 | |
| 010 | @a978-7-5113-6215-5@dCNY59.00 | |
| 100 | @a20170215d2016 em y0chiy50 ea | |
| 101 | 0 | @achi |
| 102 | @aCN@b110000 | |
| 105 | @aa z 000fy | |
| 106 | @ar | |
| 200 | 1 | @a古希腊神话故事@9gu xi la shen hua gu shi@f刘世洁等编著 |
| 210 | @a北京@c中国华侨出版社@d2016 | |
| 215 | @a370页@c彩图@d25cm | |
| 300 | @a超值全彩白金版 | |
| 312 | @a封面英文题名:Greek mythology | |
| 330 | @a本书收录了近百个古希腊神话故事,包括神的出世,神的家庭,神的创造,神的战争,人类世界的起源,英雄传说,人神爱恋等,全面展现了古希腊神话的全貌,是了解古希腊神话故事的理想读本,本次图书图文并茂地展现了古希腊神话故事的精华。 | |
| 510 | 1 | @aGreek mythology@zeng |
| 606 | 0 | @a神话@x作品集@x古希腊 |
| 690 | @aI17(198.4)@v5 | |
| 701 | 0 | @a刘世洁@9liu shi jie@4编著 |
| 801 | 0 | @aCN@b上海新华@c20180901 |
| 905 | @b1152762-6@dI17(198.4)@e484@f5 | |
| 古希腊神话故事/刘世洁等编著.-北京:中国华侨出版社,2016 |
| 370页:彩图;25cm |
| 超值全彩白金版 |
| ISBN 978-7-5113-6215-5:CNY59.00 |
| 本书收录了近百个古希腊神话故事,包括神的出世,神的家庭,神的创造,神的战争,人类世界的起源,英雄传说,人神爱恋等,全面展现了古希腊神话的全貌,是了解古希腊神话故事的理想读本,本次图书图文并茂地展现了古希腊神话故事的精华。 |
| ● |
| 相关链接 |
|
|
|
|
正题名:古希腊神话故事
索取号:I17(198.4)/484
 
预约/预借
| 序号 | 登录号 | 条形码 | 馆藏地/架位号 | 状态 | 备注 |
| 1 | 1152762 | 211527622 | 第一样本阅览室/ [索取号:I17(198.4)/484] | 在馆 | |
| 2 | 1152763 | 211527631 | 第二借阅区/ [索取号:I17(198.4)/484] | 在馆 | |
| 3 | 1152764 | 211527640 | 密集书库-文学院/ [索取号:I17(198.4)/484] | 在馆 | |
| 4 | 1152765 | 211527659 | 第二借阅区/ [索取号:I17(198.4)/484] | 在馆 | |
| 5 | 1152766 | 211527668 | 第二借阅区/ [索取号:I17(198.4)/484] | 在馆 |